[Event "7th Iberoamerican-ch 2019"]
[Site "Linares"]
[Date "2019.08.18"]
[Round "9.16"]
[White "Moreno Ruiz, Javier"]
[Black "Teran Alvarez, Ismael"]
[Result "1-0"]
[WhiteElo "2473"]
[BlackElo "2392"]
[Annotator "ChessBase"]
[PlyCount "103"]
[EventDate "2019.08.10"]
[EventType "swiss"]
[EventCountry "ESP"]
[SourceTitle "playchess.com"]
[Source "ChessBase"]
[SourceQuality "1"]
[TimeControl "5400+30"]

1. d4 {[%emt 0:00:00]} d5 {[%emt 0:00:00]} 2. c4 {[%emt 0:00:00]} e6 {[%emt 0:00:00]} 3. Nc3 {[%emt 0:00:00]} Be7 {[%emt 0:00:00]} 4. cxd5 {[%emt 0:00:07]} exd5 {[%emt 0:00:02]} 5. Bf4 {[%emt 0:00:09]} c6 {[%emt 0:00:03]} 6. e3 {[%emt 0:02:16]} Bf5 {[%emt 0:00:29]} 7. g4 {[%emt 0:04:03]} Be6 {[%emt 0:01:16]} 8. h4 {[%emt 0:01:17]} Qb6 {[%emt 0:10:02]} 9. Rb1 {[%emt 0:02:51]} Qd8 {[%emt 0:06:30]} 10. Bd3 {[%emt 0:06:10]} Bd6 {[%emt 0:00:48]} 11. Nh3 {[%emt 0:09:50]} h5 {[%emt 0:05:53]} 12. gxh5 {[%emt 0:07:09]} Bxh3 {[%emt 0:13:01]} 13. Bxd6 {[%emt 0:00:41]} Qxd6 {[%emt 0:00:06]} 14. Rxh3 {[%emt 0:00:07]} Nf6 {[%emt 0:07:28]} 15. Be2 {[%emt 0:00:29]} Nbd7 {[%emt 0:01:34]} 16. Rg3 {[%emt 0:00:44]} O-O-O {[%emt 0:02:26]} 17. Kd2 {[%emt 0:16:17]} g6 {[%emt 0:10:26]} 18. hxg6 {[%emt 0:01:16]} fxg6 {[%emt 0:00:09]} 19. Qa4 {[%emt 0:09:26]} Kb8 {[%emt 0:04:04]} 20. Rh1 {[%emt 0:01:58]} b5 {[%emt 0:11:03]} 21. Qb3 {[%emt 0:01:37]} Nb6 {[%emt 0:01:02]} 22. Kc1 {[%emt 0:02:08]} Rh6 {[%emt 0:03:40]} 23. Bd3 {[%emt 0:04:29]} Rdh8 {[%emt 0:02:24]} 24. Rxg6 {[%emt 0:02:13]} Rxg6 {[%emt 0:04:35]} 25. Bxg6 {[%emt 0:00:06]} Ng4 {[%emt 0:00:03]} 26. Qc2 {[%emt 0:09:21]} Nxf2 {[%emt 0:00:14]} 27. Rg1 {[%emt 0:04:59]} Nh3 {[%emt 0:02:59]} 28. Rh1 {[%emt 0:04:04]} Nf2 {[%emt 0:00:28]} 29. Rg1 {[%emt 0:00:34]} Nh3 {[%emt 0:00:14]} 30. Rg4 {[%emt 0:00:42]} Rf8 {[%emt 0:06:44]} 31. Qg2 {[%emt 0:00:19]} Nf2 {[%emt 0:02:34]} 32. Qg3 {[%emt 0:00:19]} Nc4 {[%emt 0:02:51]} 33. Qxd6+ {[%emt 0:01:30]} Nxd6 {[%emt 0:00:02]} 34. Rf4 {[%emt 0:00:41]} Rg8 {[%emt 0:02:30]} 35. h5 {[%emt 0:01:25]} Nh3 {[%emt 0:00:28]} 36. Rf6 {[%emt 0:00:18]} Kc7 {[%emt 0:00:01]} 37. Kc2 {[%emt 0:01:06]} Kd7 {[%emt 0:00:48]} 38. Kd3 {[%emt 0:01:19]} Ke7 {[%emt 0:00:33]} 39. Rf1 {[%emt 0:00:27]} Ng5 {[%emt 0:00:38]} 40. b3 {[%emt 0:01:25]} Ne6 {[%emt 0:01:00]} 41. Ne2 {[%emt 0:04:00]} Rf8 {[%emt 0:00:39]} 42. Nf4 {[%emt 0:01:01]} b4 {[%emt 0:00:38]} 43. Ke2 {[%emt 0:02:01]} Ng5 {[%emt 0:00:30]} 44. Rg1 {[%emt 0:00:24]} Ne6 {[%emt 0:00:31]} 45. Nxe6 {[%emt 0:00:12]} Kxe6 {[%emt 0:00:02]} 46. Bd3 {[%emt 0:00:38]} a5 {[%emt 0:00:33]} 47. h6 {[%emt 0:00:15]} Rf6 {[%emt 0:00:34]} 48. Rh1 {[%emt 0:00:28]} Nf7 {[%emt 0:00:36]} 49. h7 {[%emt 0:00:07]} Nh8 {[%emt 0:00:05]} 50. e4 {[%emt 0:00:19]} dxe4 {[%emt 0:00:28]} 51. Bxe4 {[%emt 0:00:05]} Kd6 {[%emt 0:00:37]} 52. Rh5 {[%emt 0:00:21]} 1-0

[Event "7th Iberoamerican-ch 2019"]
[Site "Linares"]
[Date "2019.08.18"]
[Round "9.17"]
[White "Guerrero Vargas, Andres Jesus"]
[Black "Del Rio De Angelis, Salvador G."]
[Result "0-1"]
[WhiteElo "2342"]
[BlackElo "2472"]
[Annotator "ChessBase"]
[PlyCount "58"]
[EventDate "2019.08.10"]
[EventType "swiss"]
[EventCountry "ESP"]
[SourceTitle "playchess.com"]
[Source "ChessBase"]
[SourceQuality "1"]
[TimeControl "5400+30"]

1. e4 {[%emt 0:01:56]} d5 {[%emt 0:00:00]} 2. exd5 {[%emt 0:00:04]} Nf6 {[%emt 0:00:00]} 3. Bb5+ {[%emt 0:00:18]} Bd7 {[%emt 0:00:00]} 4. Be2 {[%emt 0:00:05]} Nxd5 {[%emt 0:00:00]} 5. d4 {[%emt 0:00:07]} e6 {[%emt 0:00:04]} 6. Nf3 {[%emt 0:03:46]} c5 {[%emt 0:00:32]} 7. c4 {[%emt 0:13:54]} Nf6 {[%emt 0:00:10]} 8. dxc5 {[%emt 0:05:34]} Bxc5 {[%emt 0:00:16]} 9. O-O {[%emt 0:01:24]} Qc7 {[%emt 0:01:07]} 10. a3 {[%emt 0:02:14]} a5 {[%emt 0:02:56]} 11. Nc3 {[%emt 0:09:57]} O-O {[%emt 0:04:12]} 12. Na4 {[%emt 0:06:24]} Ba7 {[%emt 0:02:31]} 13. c5 {[%emt 0:12:10]} Na6 {[%emt 0:03:33]} 14. Bxa6 {[%emt 0:01:00]} bxa6 {[%emt 0:00:06]} 15. Bg5 {[%emt 0:05:03]} Nd5 {[%emt 0:14:09]} 16. Rc1 {[%emt 0:00:08]} Rfc8 {[%emt 0:03:13]} 17. Nd2 {[%emt 0:07:56]} h6 {[%emt 0:03:07]} 18. Bh4 {[%emt 0:00:13]} Bxa4 {[%emt 0:00:12]} 19. Qxa4 {[%emt 0:00:07]} Qf4 {[%emt 0:00:03]} 20. Qxf4 {[%emt 0:01:44]} Nxf4 {[%emt 0:00:06]} 21. Rc4 {[%emt 0:02:08]} Ne2+ {[%emt 0:04:26]} 22. Kh1 {[%emt 0:00:01]} Rxc5 {[%emt 0:00:13]} 23. Re4 {[%emt 0:06:21]} Nc1 {[%emt 0:00:10]} 24. Rd4 {[%emt 0:06:21]} Rac8 {[%emt 0:03:13]} 25. Rd7 {[%emt 0:03:27]} R5c7 {[%emt 0:01:09]} 26. Rd6 {[%emt 0:00:02]} Rc6 {[%emt 0:01:46]} 27. Rd7 {[%emt 0:00:01]} Bb8 {[%emt 0:01:03]} 28. Bg3 {[%emt 0:03:55]} Ne2 {[%emt 0:01:50]} 29. Rb7 {[%emt 0:03:36]} e5 {[%emt 0:01:54]} 0-1

[Event "7th Iberoamerican-ch 2019"]
[Site "Linares"]
[Date "2019.08.18"]
[Round "9.18"]
[White "Garcia, Jhoel"]
[Black "Ladron De Guevara Pinto, Paolo"]
[Result "0-1"]
[WhiteElo "2290"]
[BlackElo "2431"]
[Annotator "NA"]
[PlyCount "100"]
[EventDate "2019.08.10"]
[EventType "swiss"]
[EventCountry "ESP"]
[SourceTitle "playchess.com"]
[Source "ChessBase"]
[SourceQuality "1"]
[TimeControl "5400+30"]

1. e4 {[%emt 0:03:36]} e5 {[%emt 0:00:18]} 2. Nf3 {[%emt 0:00:28]} Nc6 {[%emt 0:00:06]} 3. Bb5 {[%emt 0:02:13]} a6 {[%emt 0:00:05]} 4. Ba4 {[%emt 0:00:38]} Nf6 {[%emt 0:00:06]} 5. O-O {[%emt 0:00:25]} b5 {[%emt 0:00:02]} 6. Bb3 {[%emt 0:00:06]} Bb7 {[%emt 0:00:04]} 7. Re1 {[%emt 0:01:34]} Bc5 {[%emt 0:03:00]} 8. c3 {[%emt 0:00:52]} d6 {[%emt 0:00:56]} 9. d4 {[%emt 0:01:02]} Bb6 {[%emt 0:00:06]} 10. a4 {[%emt 0:14:15]} h6 {[%emt 0:01:21]} 11. Na3 O-O {[%emt 0:00:25]} 12. d5 {[%emt 0:12:11]} Ne7 {[%emt 0:02:04]} 13. Be3 {[%emt 0:00:49]} Bxe3 {[%emt 0:11:53]} 14. Rxe3 {[%emt 0:00:06]} Ng4 {[%emt 0:00:03]} 15. Re1 {[%emt 0:00:35]} bxa4 {[%emt 0:01:01]} 16. Bc2 {[%emt 0:02:23]} f5 {[%emt 0:00:49]} 17. exf5 {[%emt 0:23:32]} Nxd5 {[%emt 0:02:26]} 18. Nc4 {[%emt 0:04:30]} Rb8 {[%emt 0:03:14]} 19. Rxa4 {[%emt 0:00:55]} Nf4 {[%emt 0:03:21]} 20. Ne3 {[%emt 0:15:44]} Nf6 {[%emt 0:09:25]} 21. h3 {[%emt 0:03:23]} Nd7 {[%emt 0:03:38]} 22. Kh2 {[%emt 0:02:45]} Nc5 {[%emt 0:01:23]} 23. Rc4 {[%emt 0:00:32]} e4 {[%emt 0:03:42]} 24. Nd4 {[%emt 0:05:22]} Qf6 {[%emt 0:04:27]} 25. Qg4 {[%emt 0:02:15]} Nfd3 {[%emt 0:00:19]} 26. Bxd3 {[%emt 0:02:05]} Nxd3 {[%emt 0:00:04]} 27. Qg3 {[%emt 0:00:37]} h5 {[%emt 0:02:10]} 28. Re2 {[%emt 0:00:36]} Ne5 {[%emt 0:02:30]} 29. Rxc7 {[%emt 0:00:30]} h4 {[%emt 0:00:05]} 30. Qf4 {[%emt 0:00:06]} g5 {[%emt 0:00:07]} 31. Ng4 {[%emt 0:00:08]} gxf4 {[%emt 0:00:05]} 32. Nxf6+ {[%emt 0:00:22]} Rxf6 {[%emt 0:00:06]} 33. Ne6 {[%emt 0:00:43]} Rxf5 {[%emt 0:00:50]} 34. Rd2 {[%emt 0:00:36]} Nf7 {[%emt 0:01:47]} 35. Nd4 {[%emt 0:00:45]} Rf6 {[%emt 0:01:01]} 36. b4 {[%emt 0:00:46]} Ne5 {[%emt 0:00:54]} 37. Rd1 {[%emt 0:00:27]} e3 {[%emt 0:00:46]} 38. Rf1 {[%emt 0:00:30]} Rg6 {[%emt 0:01:59]} 39. f3 {[%emt 0:00:06]} Rf6 {[%emt 0:10:11]} 40. Rd1 {[%emt 0:00:28]} Rf7 {[%emt 0:02:25]} 41. Rxf7 {[%emt 0:00:28]} Kxf7 {[%emt 0:00:59]} 42. Ne2 {[%emt 0:00:08]} Ke7 {[%emt 0:00:08]} 43. Nxf4 {[%emt 0:00:13]} Rc8 {[%emt 0:00:03]} 44. Ne2 {[%emt 0:00:25]} Bc6 {[%emt 0:02:15]} 45. f4 {[%emt 0:00:35]} Rg8 {[%emt 0:00:24]} 46. Rg1 {[%emt 0:01:02]} Rxg2+ {[%emt 0:01:07]} 47. Rxg2 {[%emt 0:00:05]} Nf3+ {[%emt 0:00:03]} 48. Kh1 {[%emt 0:00:04]} Ne1 {[%emt 0:00:04]} 49. Nd4 {[%emt 0:00:19]} Bxg2+ {[%emt 0:00:11]} 50. Kh2 {[%emt 0:00:11]} Be4 {[%emt 0:00:07]} 0-1

[Event "7th Iberoamerican-ch 2019"]
[Site "Linares"]
[Date "2019.08.18"]
[Round "9.19"]
[White "Almagro Mazariegos, Sebastian"]
[Black "Gines Esteo, Pedro Antonio"]
[Result "1-0"]
[WhiteElo "2268"]
[BlackElo "2417"]
[Annotator "NA"]
[PlyCount "127"]
[EventDate "2019.08.10"]
[EventType "swiss"]
[EventCountry "ESP"]
[SourceTitle "playchess.com"]
[Source "ChessBase"]
[SourceQuality "1"]
[TimeControl "5400+30"]

1. e4 {[%emt 0:04:20]} c6 {[%emt 0:00:00]} 2. c4 {[%emt 0:00:18]} d5 {[%emt 0:00:00]} 3. exd5 {[%emt 0:00:16]} Nf6 {[%emt 0:00:00]} 4. Nc3 {[%emt 0:00:12]} cxd5 {[%emt 0:00:00]} 5. cxd5 {[%emt 0:00:05]} Nxd5 {[%emt 0:00:05]} 6. Nf3 {[%emt 0:00:16]} Nc6 {[%emt 0:00:06]} 7. Bc4 {[%emt 0:00:33]} Nb6 {[%emt 0:03:53]} 8. Bb3 {[%emt 0:00:08]} g6 {[%emt 0:03:16]} 9. d4 {[%emt 0:00:47]} Bg7 {[%emt 0:00:08]} 10. d5 {[%emt 0:00:35]} Na5 {[%emt 0:00:19]} 11. O-O {[%emt 0:01:29]} O-O {[%emt 0:05:15]} 12. Re1 {[%emt 0:06:19]} Nxb3 {[%emt 0:13:03]} 13. axb3 {[%emt 0:04:39]} Re8 {[%emt 0:16:43]} 14. Bg5 {[%emt 0:23:03]} f6 {[%emt 0:08:33]} 15. Be3 {[%emt 0:08:29]} e5 {[%emt 0:00:18]} 16. Bc5 {[%emt 0:09:50]} Bf8 {[%emt 0:09:02]} 17. Bxf8 {[%emt 0:04:07]} Rxf8 {[%emt 0:00:08]} 18. h3 {[%emt 0:03:32]} Rf7 {[%emt 0:11:33]} 19. Nh2 {[%emt 0:01:21]} Qd6 {[%emt 0:11:03]} 20. Ra5 {[%emt 0:02:33]} a6 {[%emt 0:03:41]} 21. Ng4 {[%emt 0:03:50]} Bxg4 {[%emt 0:00:44]} 22. Qxg4 {[%emt 0:00:10]} f5 {[%emt 0:03:54]} 23. Qg3 {[%emt 0:01:26]} Re7 {[%emt 0:00:34]} 24. Raa1 {[%emt 0:00:38]} Rd8 {[%emt 0:00:23]} 25. Rad1 {[%emt 0:00:10]} Qf6 {[%emt 0:02:50]} 26. Rd2 {[%emt 0:05:26]} Rd6 {[%emt 0:00:06]} 27. Qe3 {[%emt 0:02:08]} Nd7 {[%emt 0:03:21]} 28. b4 {[%emt 0:03:40]} e4 {[%emt 0:01:51]} 29. f4 {[%emt 0:03:36]} Nb6 {[%emt 0:02:00]} 30. Qc5 {[%emt 0:01:14]} Red7 {[%emt 0:00:51]} 31. b5 {[%emt 0:02:36]} Qh4 {[%emt 0:01:17]} 32. Rf1 {[%emt 0:00:29]} a5 {[%emt 0:00:22]} 33. Kh2 {[%emt 0:01:14]} Qd8 {[%emt 0:00:21]} 34. Rfd1 {[%emt 0:05:17]} Qc7 {[%emt 0:00:41]} 35. Qd4 {[%emt 0:00:30]} Nxd5 {[%emt 0:00:33]} 36. Qe5 {[%emt 0:00:45]} e3 {[%emt 0:00:35]} 37. Nxd5 {[%emt 0:00:28]} Qc5 {[%emt 0:00:26]} 38. Nf6+ {[%emt 0:00:41]} Rxf6 {[%emt 0:00:31]} 39. Qxc5 {[%emt 0:00:12]} Rxd2 {[%emt 0:00:05]} 40. Rxd2 {[%emt 0:00:21]} exd2 {[%emt 0:00:00]} 41. Qd5+ {[%emt 0:00:14]} Kf8 {[%emt 0:00:42]} 42. Qxd2 {[%emt 0:00:10]} b6 {[%emt 0:00:01]} 43. Qd7 {[%emt 0:00:22]} Kg8 {[%emt 0:00:12]} 44. Kg3 {[%emt 0:00:50]} h6 {[%emt 0:01:47]} 45. Kf3 {[%emt 0:00:11]} g5 {[%emt 0:00:26]} 46. Ke3 {[%emt 0:00:44]} Kf8 {[%emt 0:00:11]} 47. Kd4 {[%emt 0:00:56]} gxf4 {[%emt 0:00:05]} 48. Ke5 {[%emt 0:00:14]} Rg6 {[%emt 0:00:01]} 49. Qxf5+ {[%emt 0:00:34]} Kg7 {[%emt 0:00:00]} 50. Qd7+ {[%emt 0:00:29]} Kh8 {[%emt 0:01:01]} 51. Kf5 {[%emt 0:01:18]} Rxg2 {[%emt 0:00:05]} 52. Kxf4 {[%emt 0:00:27]} Rf2+ {[%emt 0:00:36]} 53. Ke5 {[%emt 0:00:46]} Rxb2 {[%emt 0:00:06]} 54. Qd8+ {[%emt 0:00:25]} Kh7 {[%emt 0:00:08]} 55. Qc7+ {[%emt 0:00:21]} Kg6 {[%emt 0:00:44]} 56. Qxb6+ {[%emt 0:00:14]} Kh5 {[%emt 0:00:16]} 57. Qxa5 {[%emt 0:00:14]} Rg2 {[%emt 0:00:13]} 58. Kf4 {[%emt 0:00:18]} Kh4 {[%emt 0:00:09]} 59. b6 {[%emt 0:00:37]} Rf2+ {[%emt 0:01:13]} 60. Ke3 {[%emt 0:00:24]} Rb2 {[%emt 0:00:02]} 61. Qa7 {[%emt 0:01:25]} Rb3+ {[%emt 0:00:55]} 62. Kf4 {[%emt 0:00:31]} Rb4+ {[%emt 0:00:01]} 63. Kf5 {[%emt 0:00:26]} h5 {[%emt 0:00:02]} 64. Qe7+ {[%emt 0:00:15]} 1-0

[Event "7th Iberoamerican-ch 2019"]
[Site "Linares"]
[Date "2019.08.18"]
[Round "9.20"]
[White "Merario Alarcon, Andres"]
[Black "Domingo Nunez, Ruben"]
[Result "1-0"]
[WhiteElo "2392"]
[BlackElo "2345"]
[Annotator "NA"]
[PlyCount "41"]
[EventDate "2019.08.10"]
[EventType "swiss"]
[EventCountry "ESP"]
[SourceTitle "playchess.com"]
[Source "ChessBase"]
[SourceQuality "1"]
[TimeControl "5400+30"]

1. d4 {[%emt 0:00:00]} Nf6 {[%emt 0:00:00]} 2. c4 {[%emt 0:00:00]} e6 {[%emt 0:00:00]} 3. Nf3 {[%emt 0:00:00]} a6 {[%emt 0:00:12]} 4. Nc3 {[%emt 0:00:19]} d5 {[%emt 0:00:04]} 5. cxd5 {[%emt 0:00:17]} exd5 {[%emt 0:00:04]} 6. Bg5 {[%emt 0:00:07]} Be6 {[%emt 0:00:11]} 7. Bxf6 {[%emt 0:00:59]} Qxf6 {[%emt 0:08:28]} 8. Qb3 {[%emt 0:00:07]} b5 {[%emt 0:00:04]} 9. a4 {[%emt 0:00:05]} b4 {[%emt 0:00:05]} 10. Nxd5 {[%emt 0:00:03]} Qd8 {[%emt 0:00:10]} 11. e4 {[%emt 0:00:19]} c6 {[%emt 0:00:03]} 12. Qe3 {[%emt 0:00:18]} cxd5 {[%emt 0:07:12]} 13. exd5 {[%emt 0:00:09]} Qxd5 {[%emt 0:00:09]} 14. Rc1 {[%emt 0:00:07]} Be7 {[%emt 0:34:46]} 15. Bd3 {[%emt 0:00:07]} Ra7 {[%emt 0:04:50]} 16. Be4 {[%emt 0:03:37]} Qb3 {[%emt 0:24:43]} 17. Rc8+ {[%emt 0:01:45]} Bd8 {[%emt 0:00:04]} 18. Rxb8 {[%emt 0:03:32]} Re7 {[%emt 0:00:02]} 19. Bc6+ {[%emt 0:04:03]} Bd7 {[%emt 0:00:05]} 20. Bxd7+ {[%emt 0:00:05]} Kxd7 {[%emt 0:00:05]} 21. Rb7+ {[%emt 0:01:26]} 1-0

[Event "7th Iberoamerican-ch 2019"]
[Site "Linares"]
[Date "2019.08.18"]
[Round "9.21"]
[White "Mieles Palau, Daniel"]
[Black "Moral Garcia, Serafin"]
[Result "1-0"]
[WhiteElo "2384"]
[BlackElo "2281"]
[Annotator "NA"]
[PlyCount "123"]
[EventDate "2019.08.10"]
[EventType "swiss"]
[EventCountry "ESP"]
[SourceTitle "playchess.com"]
[Source "ChessBase"]
[SourceQuality "1"]
[TimeControl "5400+30"]

1. c4 {[%emt 0:00:00]} e5 {[%emt 0:00:00]} 2. Nc3 {[%emt 0:00:08]} Nf6 {[%emt 0:00:33]} 3. Nf3 {[%emt 0:01:33]} Nc6 {[%emt 0:00:31]} 4. g3 {[%emt 0:00:14]} Bc5 {[%emt 0:00:43]} 5. Bg2 {[%emt 0:00:09]} d6 {[%emt 0:00:45]} 6. e3 {[%emt 0:02:09]} a6 {[%emt 0:02:32]} 7. O-O {[%emt 0:00:53]} O-O {[%emt 0:00:16]} 8. d4 {[%emt 0:02:41]} exd4 {[%emt 0:01:43]} 9. exd4 {[%emt 0:03:28]} Ba7 {[%emt 0:00:15]} 10. h3 {[%emt 0:00:06]} h6 {[%emt 0:02:18]} 11. Be3 {[%emt 0:02:22]} Bd7 {[%emt 0:03:25]} 12. d5 {[%emt 0:05:26]} Ne7 {[%emt 0:02:23]} 13. Bxa7 {[%emt 0:00:42]} Rxa7 {[%emt 0:00:06]} 14. Qd4 {[%emt 0:00:05]} Ra8 {[%emt 0:00:34]} 15. b4 {[%emt 0:00:06]} b6 {[%emt 0:06:43]} 16. a3 {[%emt 0:02:49]} Bf5 {[%emt 0:04:11]} 17. Rae1 {[%emt 0:07:13]} Nd7 {[%emt 0:03:36]} 18. Nh4 {[%emt 0:06:23]} Bh7 {[%emt 0:00:29]} 19. Be4 {[%emt 0:00:12]} Bxe4 {[%emt 0:01:58]} 20. Nxe4 {[%emt 0:01:43]} f5 {[%emt 0:03:39]} 21. Nd2 {[%emt 0:00:27]} Rf6 {[%emt 0:01:26]} 22. f4 {[%emt 0:12:53]} Ng6 {[%emt 0:03:48]} 23. Nhf3 {[%emt 0:04:20]} Rf7 {[%emt 0:01:39]} 24. Re3 {[%emt 0:03:09]} Re7 {[%emt 0:05:18]} 25. Rfe1 {[%emt 0:00:20]} Rxe3 {[%emt 0:00:15]} 26. Rxe3 {[%emt 0:00:06]} Qf6 {[%emt 0:00:31]} 27. Qxf6 {[%emt 0:03:12]} Nxf6 {[%emt 0:00:11]} 28. Nd4 {[%emt 0:00:02]} Kf7 {[%emt 0:02:44]} 29. Nxf5 {[%emt 0:00:46]} a5 {[%emt 0:00:03]} 30. b5 {[%emt 0:00:23]} Ng8 {[%emt 0:03:34]} 31. Nb3 {[%emt 0:00:44]} N8e7 {[%emt 0:01:06]} 32. Nbd4 {[%emt 0:01:21]} Nxf5 {[%emt 0:00:28]} 33. Nxf5 {[%emt 0:00:02]} h5 {[%emt 0:02:21]} 34. Re4 {[%emt 0:05:42]} Kf6 {[%emt 0:02:22]} 35. Nd4 {[%emt 0:00:14]} Nf8 {[%emt 0:00:18]} 36. Kf2 {[%emt 0:00:30]} Rd8 {[%emt 0:01:08]} 37. Kf3 {[%emt 0:02:38]} g6 {[%emt 0:00:52]} 38. g4 {[%emt 0:02:37]} hxg4+ {[%emt 0:00:12]} 39. hxg4 {[%emt 0:00:09]} Rd7 {[%emt 0:07:00]} 40. g5+ {[%emt 0:02:09]} Kf7 {[%emt 0:00:20]} 41. Ne6 {[%emt 0:03:37]} Kg8 {[%emt 0:00:22]} 42. Nxf8 {[%emt 0:05:32]} Kxf8 {[%emt 0:00:01]} 43. Re6 {[%emt 0:00:01]} Kg7 {[%emt 0:07:31]} 44. f5 {[%emt 0:04:54]} gxf5 {[%emt 0:00:07]} 45. Kf4 {[%emt 0:00:10]} Rd8 {[%emt 0:00:51]} 46. g6 {[%emt 0:01:13]} Rf8 {[%emt 0:01:24]} 47. a4 {[%emt 0:13:54]} Kh6 {[%emt 0:02:32]} 48. Re7 {[%emt 0:00:10]} Kxg6 {[%emt 0:00:16]} 49. Rxc7 {[%emt 0:00:01]} Re8 {[%emt 0:00:12]} 50. Rc6 {[%emt 0:02:52]} Re4+ {[%emt 0:00:18]} 51. Kf3 {[%emt 0:00:01]} Kg5 {[%emt 0:00:19]} 52. Rxd6 {[%emt 0:00:10]} Rxc4 {[%emt 0:00:06]} 53. Rxb6 {[%emt 0:00:02]} Rxa4 {[%emt 0:00:55]} 54. Rb8 {[%emt 0:00:01]} Ra3+ {[%emt 0:04:23]} 55. Ke2 {[%emt 0:00:11]} Ra2+ {[%emt 0:00:12]} 56. Kd3 {[%emt 0:00:29]} f4 {[%emt 0:02:52]} 57. d6 {[%emt 0:00:47]} Ra3+ {[%emt 0:00:03]} 58. Kc4 {[%emt 0:00:08]} Ra4+ {[%emt 0:00:19]} 59. Kc5 {[%emt 0:00:13]} f3 {[%emt 0:00:15]} 60. d7 {[%emt 0:00:12]} f2 {[%emt 0:00:07]} 61. d8=Q+ {[%emt 0:00:08]} Kf4 {[%emt 0:00:09]} 62. Qd2+ {[%emt 0:00:05]} 1-0

[Event "7th Iberoamerican-ch 2019"]
[Site "Linares"]
[Date "2019.08.18"]
[Round "9.22"]
[White "Esquivias Quintero, Luis Manuel"]
[Black "Garriga Cazorla, Pere"]
[Result "1-0"]
[WhiteElo "2282"]
[BlackElo "2495"]
[Annotator "ChessBase"]
[PlyCount "85"]
[EventDate "2019.08.10"]
[EventType "swiss"]
[EventCountry "ESP"]
[SourceTitle "playchess.com"]
[Source "ChessBase"]
[SourceQuality "1"]
[TimeControl "5400+30"]

1. e4 {[%emt 0:00:55]} e5 {[%emt 0:00:00]} 2. Nf3 {[%emt 0:00:14]} Nc6 {[%emt 0:00:00]} 3. Bb5 {[%emt 0:00:07]} a6 {[%emt 0:00:00]} 4. Ba4 {[%emt 0:00:04]} Nf6 {[%emt 0:00:00]} 5. O-O {[%emt 0:00:14]} Be7 {[%emt 0:00:21]} 6. d3 {[%emt 0:00:06]} b5 {[%emt 0:01:09]} 7. Bb3 {[%emt 0:00:27]} O-O {[%emt 0:01:03]} 8. a4 {[%emt 0:00:08]} b4 {[%emt 0:00:57]} 9. a5 {[%emt 0:00:05]} d6 {[%emt 0:00:06]} 10. Nbd2 {[%emt 0:00:19]} Rb8 {[%emt 0:00:31]} 11. h3 {[%emt 0:01:22]} Be6 {[%emt 0:09:29]} 12. Nc4 {[%emt 0:00:05]} Nd7 {[%emt 0:14:57]} 13. Be3 {[%emt 0:03:04]} Bf6 {[%emt 0:00:06]} 14. Re1 {[%emt 0:07:10]} Ne7 {[%emt 0:06:56]} 15. d4 {[%emt 0:09:29]} exd4 {[%emt 0:02:37]} 16. Nxd4 {[%emt 0:00:12]} Bxd4 {[%emt 0:00:23]} 17. Bxd4 {[%emt 0:00:48]} Ng6 {[%emt 0:00:52]} 18. Be3 {[%emt 0:19:45]} Qh4 {[%emt 0:09:45]} 19. Nd2 {[%emt 0:05:26]} Qf6 {[%emt 0:06:38]} 20. Bc4 {[%emt 0:03:23]} Bxc4 {[%emt 0:06:16]} 21. Nxc4 {[%emt 0:00:32]} Rb5 {[%emt 0:00:04]} 22. b3 {[%emt 0:04:24]} Re8 {[%emt 0:02:57]} 23. Bd4 {[%emt 0:09:08]} Qg5 {[%emt 0:03:47]} 24. Qg4 {[%emt 0:03:08]} Qxg4 {[%emt 0:00:34]} 25. hxg4 Nde5 26. f3 {[%emt 0:03:01]} Nxc4 {[%emt 0:00:39]} 27. bxc4 {[%emt 0:00:02]} Rbb8 {[%emt 0:00:01]} 28. c5 {[%emt 0:04:02]} dxc5 {[%emt 0:02:42]} 29. Bxc5 {[%emt 0:00:24]} Ne5 {[%emt 0:00:06]} 30. Red1 {[%emt 0:02:46]} Rb5 {[%emt 0:00:26]} 31. Bf2 {[%emt 0:00:12]} Nc4 {[%emt 0:02:20]} 32. Rd7 {[%emt 0:03:53]} Rc8 {[%emt 0:00:48]} 33. Rad1 {[%emt 0:01:06]} Kf8 {[%emt 0:09:39]} 34. R7d5 {[%emt 0:07:31]} c6 {[%emt 0:02:48]} 35. Rd7 {[%emt 0:01:46]} Ke8 {[%emt 0:03:23]} 36. Ra7 {[%emt 0:00:28]} Rd8 {[%emt 0:00:35]} 37. Rxd8+ {[%emt 0:00:22]} Kxd8 {[%emt 0:00:01]} 38. Rxa6 {[%emt 0:00:41]} Kc7 {[%emt 0:01:12]} 39. Ra7+ {[%emt 0:00:34]} Kb8 {[%emt 0:00:00]} 40. a6 {[%emt 0:00:58]} c5 {[%emt 0:02:28]} 41. Rxf7 {[%emt 0:00:16]} g6 {[%emt 0:00:45]} 42. e5 {[%emt 0:00:57]} Rb6 {[%emt 0:07:36]} 43. a7+ {[%emt 0:02:09]} 1-0

[Event "7th Iberoamerican-ch 2019"]
[Site "Linares"]
[Date "2019.08.18"]
[Round "9.23"]
[White "Silva Rodriguez, Fernando"]
[Black "Roselli Mailhe, Bernardo"]
[Result "0-1"]
[WhiteElo "2253"]
[BlackElo "2461"]
[Annotator "ChessBase"]
[PlyCount "52"]
[EventDate "2019.08.10"]
[EventType "swiss"]
[EventCountry "ESP"]
[SourceTitle "playchess.com"]
[Source "ChessBase"]
[SourceQuality "1"]
[TimeControl "5400+30"]

1. e4 {[%emt 0:00:00]} e6 {[%emt 0:00:00]} 2. d4 {[%emt 0:00:00]} d5 {[%emt 0:00:00]} 3. Nd2 {[%emt 0:00:00]} a6 {[%emt 0:00:00]} 4. Ngf3 {[%emt 0:00:14]} c5 {[%emt 0:00:00]} 5. exd5 {[%emt 0:00:14]} exd5 {[%emt 0:00:00]} 6. Be2 {[%emt 0:00:14]} Nc6 {[%emt 0:00:00]} 7. O-O {[%emt 0:00:28]} Bd6 {[%emt 0:00:00]} 8. dxc5 {[%emt 0:03:16]} Bxc5 {[%emt 0:00:02]} 9. Nb3 {[%emt 0:00:24]} Bd6 {[%emt 0:00:04]} 10. h3 {[%emt 0:10:24]} Nge7 {[%emt 0:00:44]} 11. c3 {[%emt 0:02:28]} O-O {[%emt 0:00:09]} 12. Bd3 {[%emt 0:00:13]} h6 {[%emt 0:03:48]} 13. Re1 {[%emt 0:02:43]} Re8 {[%emt 0:00:14]} 14. Bc2 {[%emt 0:01:58]} Bc7 {[%emt 0:02:25]} 15. Be3 {[%emt 0:04:39]} Bf5 {[%emt 0:01:28]} 16. Bc5 {[%emt 0:01:39]} Qd7 {[%emt 0:00:51]} 17. Nbd4 {[%emt 0:02:53]} Bxc2 {[%emt 0:01:44]} 18. Qxc2 {[%emt 0:00:34]} b6 {[%emt 0:02:34]} 19. Ba3 {[%emt 0:00:44]} Ng6 {[%emt 0:08:34]} 20. Nxc6 {[%emt 0:11:17]} Qxc6 {[%emt 0:00:26]} 21. Qf5 {[%emt 0:06:21]} Re4 {[%emt 0:06:31]} 22. Rad1 {[%emt 0:09:33]} Rxe1+ {[%emt 0:08:39]} 23. Rxe1 {[%emt 0:01:56]} Rd8 {[%emt 0:00:12]} 24. h4 {[%emt 0:05:09]} Re8 {[%emt 0:06:47]} 25. Rd1 {[%emt 0:03:41]} Qe6 {[%emt 0:02:18]} 26. Nd4 {[%emt 0:03:23]} Qe1+ {[%emt 0:00:26]} 0-1